|
|
|
|
| LEADER |
00000cam a2200000 a 4500 |
| 001 |
vtls001353810 |
| 003 |
SK-MaSNL |
| 005 |
20260301010435.0 |
| 008 |
240709s1998 xo a gr 000 1dslo |
| 015 |
|
|
|a SNBA1999/04-01476
|
| 020 |
|
|
|a 8096775065
|q (viazané)
|
| 035 |
|
|
|a SNK000307232
|
| 035 |
|
|
|a urn:nbn:sk:snk-amjcgk
|
| 035 |
|
|
|a urn:nbn:sk:snk-am002etj
|
| 035 |
|
|
|a E534C493-670C-4DF4-B98B-9AB6A9DBCA61
|
| 040 |
|
|
|a SNK
|b slo
|c SNK
|e AACR2
|
| 041 |
0 |
|
|a slo
|
| 044 |
|
|
|a xo
|c SK
|
| 072 |
|
7 |
|a 821.162.4-3
|x Slovenská próza
|2 konspekt
|
| 072 |
|
7 |
|a 929.5/.9
|x Genealógia. Heraldika. Šľachta. Vlajky
|2 konspekt
|
| 080 |
|
|
|a 821.162.4-3
|2 2011
|
| 080 |
|
|
|a 821-321.6
|2 2001
|
| 080 |
|
|
|a 929.732
|2 2011
|
| 080 |
|
|
|a 929.731
|2 2011
|
| 100 |
1 |
|
|a Lenčo, Ján,
|d 1933-2012
|4 aut
|9 103758
|
| 245 |
1 |
0 |
|a Didaktická kronika rodu Hohenzollernovcov
|c Ján Lenčo ; [ilustrácia Ján Valter]
|
| 250 |
|
|
|a 1. vyd.
|
| 260 |
|
|
|a Bratislava
|b Illusion
|c 1998
|
| 300 |
|
|
|a 84 strán
|b ilustrácie
|c 18 cm
|
| 490 |
1 |
|
|a Knižnica Literárneho týždenníka
|
| 500 |
|
|
|a Vydané pre Literárny týždenník
|
| 500 |
|
|
|a Obsahuje biografické údaje o autorovi
|
| 600 |
3 |
7 |
|a Hohenzollern (rod)
|2 SNKMA
|9 167200
|
| 650 |
0 |
7 |
|a šľachtické rody
|2 SNKPH
|9 31798
|
| 650 |
0 |
7 |
|a panovnícke rody
|2 SNKPH
|9 83093
|
| 655 |
|
7 |
|a slovenské prózy
|2 SNKPH
|9 70229
|
| 655 |
|
7 |
|a historické prózy
|2 SNKPH
|9 88611
|
| 700 |
1 |
|
|a Valter, Ján,
|d 1959-2017
|4 ill
|9 171159
|
| 710 |
2 |
|
|a Literárny týždenník Bratislava
|4 pbl
|9 292248
|
| 830 |
|
0 |
|a Knižnica Literárneho týždenníka
|9 292249
|
| 852 |
|
|
|a Slovenská národná knižnica
|
| 919 |
|
|
|a 80-967750-6-5
|
| 954 |
|
|
|a beletria pôvodná (slovenská)
|2 lita
|
| 958 |
|
|
|a RK
|
| 958 |
|
|
|a TL
|
| 958 |
|
|
|a LX
|
| 958 |
|
|
|a OND
|
| 999 |
|
|
|c 548115
|d 550045
|
| 952 |
|
|
|a SNK
|b SNK
|y PREZ
|7 0
|p 17A0179017
|o snkSD 69826
|i snkKSP 1143/99
|0 0
|1 0
|4 0
|d 1999-02-01
|l 0
|r 2005-01-02 00:00:00
|w 2026-02-23
|
| 952 |
|
|
|a SNK
|b SNK
|y VYP
|7 0
|p 17A0179018
|o snkSD 69826 D1
|i snkKSP 1144/99
|0 0
|1 0
|4 0
|d 1999-02-01
|f 1
|l 0
|r 2005-01-02 00:00:00
|w 2026-02-23
|